Normal view
MARC view
- حمادات، محمد حسن محمد
Entry Personal Name
001 - CONTROL NUMBER
- control field: 37774
003 - CONTROL NUMBER IDENTIFIER
- control field: JO-AjAnu
005 - DATE AND TIME OF LATEST TRANSACTION
- control field: 20230606080309.0
008 - FIXED-LENGTH DATA ELEMENTS
- fixed length control field: 230606|| aca||aabn | a|a d
040 ## - CATALOGING SOURCE
- Original cataloging agency: JO-AjAnu
- Transcribing agency: JO-AjAnu
100 ## - HEADING--PERSONAL NAME
- Personal name: حمادات، محمد حسن محمد
670 ## - SOURCE DATA FOUND
- Source citation: Work cat.: (JO-AjAnu)19382: حمادات، محمد حسن محمد, author, قيم العمل والألتزام الوظيفي لدى المديرين والمعلمين في المدارس